| 000 | 01161cam a2200277 a 4500 | ||
|---|---|---|---|
| 001 | 12002628 | ||
| 003 | ARRUPE | ||
| 005 | 20130927140926.0 | ||
| 008 | 000510r20001989caua b 001 0 eng | ||
| 010 | _a 00040321 | ||
| 020 | _a0878087753 (pbk. : alk. paper) | ||
| 040 |
_aDLC _cDLC |
||
| 050 | 0 | 0 |
_aBR115.C8 _bH47 2000 |
| 100 | 1 |
_aHesselgrave, David J. _91649 |
|
| 245 | 1 | 0 |
_aContextualization : _bmeanings, methods, and models / _cDavid J. Hesselgrave and Edward Rommen ; foreword by George W. Peters. |
| 260 |
_aPasadena, Calif. : _bWilliam Carey Library, _cc2000. |
||
| 300 |
_axii, 281p. : _bill. ; _c23 cm. |
||
| 500 | _aOriginally published: Grand Rapids, Mich. : Baker Book House, c1989. | ||
| 504 | _aIncludes bibliographical references (p. 259-268) and index. | ||
| 650 | 0 |
_aChristianity and culture. _91650 |
|
| 650 | 0 |
_aMissions _xTheory. _91651 |
|
| 700 | 1 |
_aRommen, Edward, _d1947- _91652 |
|
| 906 |
_a7 _bcbc _corignew _d1 _eocip _f20 _gy-gencatlg |
||
| 942 |
_2lcc _cMONOGRAPH |
||
| 999 |
_c118139 _d118139 |
||